000 00226 a2200097 4500
001 54959
100 _aGralla, Preston
245 _aWindows XP hacks
260 _aParis
_bO'Reilly, PAris
_c2003
090 _c34048
_d34048
942 _aNUST-CAE
_cMONOGRAPH
_c26723
999 _c290032
_d290032